000 01654cam a22004457a 4500
001 000092582
003 CHAP
005 20220329142855.0
008 191104d2004 mx r 00110 spa d
010 _a89048
011 _a90020
035 _a100576
040 _cCHAP
090 _aTesis
100 0 0 _aFernández Alcántara, Eli.
_940112
245 1 0 _aContribución al conocimiento etnobotánico de Mammillaria discolor Hawort, en la Sierra Norte de Puebla :
_banálisis proximal y germinación /
_c/por Eli Fernández Alcántara.
260 _aChapingo, Méx. :
_bEl autor,
_c2004.
300 _a80 h. :
_bilus.; gráfs.; cuadros.
502 _aTesis (Ing. Agr. Esp. en Fitotecnia) -- UACH. Departamento de Fitotecnia
590 _aALEPH
_b10
_c20130110
_lUCH01
_h1501
590 _aBATCH-UPD
_b10
_c20130110
_lUCH01
_h0545
590 _aBATCH-UPD
_b10
_c20130410
_lUCH01
_h0226
590 _aBATCH-UPD
_b10
_c20130914
_lUCH01
_h1331
590 _aBATCH-UPD
_b10
_c20140324
_lUCH01
_h1446
590 _aBATCH-UPD
_b10
_c20141002
_lUCH01
_h0823
590 _aCONVERSION
_b10
_c20130109
_lUCH01
_h1349
590 _aE12093SGE
_b10
_c20130621
_lUCH01
_h1123
650 1 4 _aEtnobotánica
_xPuebla.
_938632
650 1 4 _aFotoperíodo.
_942735
650 1 4 _aMamillaria.
_970231
650 1 4 _aPlantas
_xComposición.
_988799
650 1 4 _aSemillas
_xGerminación.
_9103903
856 _3Finding aid
_uhttp://10.13.5.2/tesis/100576.pdf
_zTeclea aquí
901 _aBK
905 _aElisama A. H.
942 _cCD
942 _n0
949 _aTesis
_bBC
_cTES
_d100576
_eTS1
_h42809
_i100576
_sb
949 _aTesis
_bBC
_cTES
_d33724000871596
_eTS2
_fc.2
_h42810
_i100576
_si
999 _c89048
_d89048